| 000 | 01324nam a2200313 a 4500 | ||
|---|---|---|---|
| 999 |
_c472031 _d472031 |
||
| 003 | BLK | ||
| 005 | 20231103114545.0 | ||
| 008 | 180411b bul|||||r ||||||| ||bul|| | ||
| 010 | _aKNG00213380000 | ||
| 020 | _a9786192140151 | ||
| 040 | _aBLK | ||
| 041 |
_aBUL _cBUL |
||
| 072 | 7 |
_2bullib _aН83 _xЧужда художествена литература Н |
|
| 080 |
_aАнглийска литература _b821.111 _x-311.6 _z821.111-311.6 |
||
| 100 | 1 |
_aИгълдън, Кон, 1971- _eпърви автор _qангличанин _972064 |
|
| 139 |
_aИгълдън, Кон _bИ 30 |
||
| 245 | 1 | 0 |
_aВойните на розите : Кръвна връзка _bРоман _cКон Игълдън; прев. от англ. Анелия Данилова. |
| 257 | _aGBR | ||
| 260 |
_bАлма _c2019 _fПловдив : Булвест принт _aПловдив |
||
| 300 |
_a455 с. _c21 см |
||
| 380 | _aX | ||
| 490 | 1 |
_aВойните на розите _vкн. 3 |
|
| 500 | _aОриг. загл. Wars of the Roses : Bloodline / Conn Iggulden. | ||
| 700 | 1 |
_aДанилова, Анелия Александрова _d1957 - _gПреводач от английски език _958525 |
|
| 856 | 4 | _qpdf | |
| 856 | 4 | _qpdf | |
| 942 |
_cKNG _n0 _024 _s1 |
||
| 944 |
_k30530 _lМинев Младен |
||